[Event "Ellivuori (Women)"]
[Site "Vammala"]
[Date "2002.08.26"]
[Round "3"]
[White "Puuska, Heini"]
[Black "Erneste, Inguna"]
[Result "0-1"]
[WhiteElo "2065"]
[BlackElo "2287"]
[PlyCount "86"]
[EventDate "2002.08.24"]
[EventType "tourn"]
[EventRounds "9"]
[EventCountry "FIN"]
[EventCategory "1"]
[SourceTitle "CBM 089 Extra"]
[Source "ChessBase"]
[SourceDate "2002.09.10"]
[SourceVersion "2"]
[SourceVersionDate "2002.09.10"]
[SourceQuality "1"]

1. d4 d5 2. Bg5 h6 3. Bh4 c5 4. dxc5 Qa5+ 5. Nc3 e6 6. e4 Be7 7. Bxe7 Nxe7 8. Qd4 0-0 9. b4 Qd8 10. exd5 exd5 11. Bd3 Nbc6 12. Qh4 d4 13. Nce2 Nxb4 14. Qxd4 Qa5 15. Kf1 Rd8 16. Qe5 Nec6 17. Qc3 Nxd3 18. cxd3 Qxc3 19. Nxc3 Bf5 20. Ne4 Ne5 21. Nf3 Nxd3 22. Nd6 Bc8 23. Ke2 Nxc5 24. Nxc8 Raxc8 25. Rhd1 b6 26. Nd4 Ne4 27. Ke3 Re8 28. Kf3 Ng5+ 29. Kg3 Rc3+ 30. f3 Ne4+ 31. Kh4 Kh7 32. Re1 Rc4 33. Nb3 Nc5+ 34. Kg3 Rxe1 35. Rxe1 Nxb3 36. axb3 Rb4 37. Re3 a5 38. h3 Kg6 39. Kf2 Kf6 40. Ke2 Rb5 41. Kd2 Kf5 42. Kc3 Re5 43. Rd3 Kf6 0-1